| 000 | 00527nam a2200169 i 4500 | ||
|---|---|---|---|
| 001 | 80394 | ||
| 003 | ES-MaACL | ||
| 005 | 20230906174215.0 | ||
| 007 | t| | ||
| 008 | 041027s1961 sp ||||1| spa d | ||
| 100 | 1 |
_aHoebel, A. Adamson. _963909 |
|
| 245 | 1 | 3 |
_aEl hombre en el mundo primitivo / _cpor A. Adamson Hoebel ; [traducción por Miguel Fusté]. |
| 260 |
_a[Barcelona : _bOmega, _c1961] |
||
| 300 |
_a728 p., 11 lám. : _bil. ; _c23 cm. |
||
| 700 | 1 |
_aFusté Ara, Miguel. _9150522 |
|
| 852 |
_aES-MaACL _jF-357 _bR.48326 |
||
| 999 |
_c80394 _d80394 |
||